<?xml version="1.0" encoding="UTF-8"?>
<marc:record xmlns:marc="http://www.loc.gov/MARC21/slim">
   <marc:leader>00000nam a2200000 a 4500</marc:leader>
   <marc:datafield ind1=" " ind2=" " tag="653">
      <marc:subfield code="a">Klappen zum aufmachen</marc:subfield>
   </marc:datafield>
   <marc:datafield ind1=" " ind2=" " tag="653">
      <marc:subfield code="a">Meer</marc:subfield>
   </marc:datafield>
   <marc:datafield ind1=" " ind2=" " tag="653">
      <marc:subfield code="a">Sachbilderbuch</marc:subfield>
   </marc:datafield>
   <marc:datafield ind1=" " ind2=" " tag="653">
      <marc:subfield code="a">Meerestiere</marc:subfield>
   </marc:datafield>
   <marc:datafield ind1="0" ind2="0" tag="245">
      <marc:subfield code="a">Am Meer</marc:subfield>
   </marc:datafield>
   <marc:datafield ind1="0" ind2="0" tag="245">
      <marc:subfield code="b">[mit vielen Klappen und Fenstern ; besondere Extras: bunte Sticker und Suchspiel]</marc:subfield>
   </marc:datafield>
   <marc:datafield ind1="0" ind2="0" tag="245">
      <marc:subfield code="c">[Ill.: Marlit Peikert. Mausill.: Ina Mertens]</marc:subfield>
   </marc:datafield>
   <marc:datafield ind1=" " ind2="1" tag="264">
      <marc:subfield code="a">München</marc:subfield>
      <marc:subfield code="b">cbj</marc:subfield>
      <marc:subfield code="c">2011</marc:subfield>
   </marc:datafield>
   <marc:datafield ind1="1" ind2=" " tag="490">
      <marc:subfield code="a">Frag doch mal ...?! - Die Maus</marc:subfield>
   </marc:datafield>
   <marc:datafield ind1="1" ind2=" " tag="520">
      <marc:subfield code="a">Das Leben am und im Meer entdecken - für Dreijährige. (JN)      In der Sachbuchreihe "Frag doch mal ... die Maus! : Erstes Sachwissen" möchte dieses stabile Kartonbuch Kindern ab 3 erste Kenntnisse über das Meer vermitteln. Auf sechs Doppelseiten wird in einem großflächigen Bild und kurzen Texteinheiten je eine Frage behandelt: Was ist ein Meer? Was passiert bei Ebbe und Flut? Was ist am Hafen los? Was gibt es im Korallenriff zu entdecken? Auf jeder Seite kommen Tiere vor, die im Bild noch einmal benannt werden, und einige findet man auf den letzten zwei Seiten als Sticker wieder.   Für kleine Kinder liegt der Reiz dieses Buches darin, dass sie vieles selber entdecken können. Durch das Öffnen einer Klappe sehen sie ins Innere eines Leuchtturms oder eines Fischkutters. Sie können die Aufklappseite öffnen oder schließen und so Ebbe und Flut beobachten. Die Klappen sind ausreichend stabil und die Ringbindung ermöglicht ein leichtes Umblättern. Auch für das einfache Suchspiel brauchen Kinder nicht mehr als einen kurzen Hinweis. Ein auf die Bedürfnisse von Dreijährigen zugeschnittenes und sehr ansprechendes Sachbuch.  *bn* Gabriele Doblhammer</marc:subfield>
   </marc:datafield>
   <marc:datafield ind1=" " ind2=" " tag="020">
      <marc:subfield code="a">9783570153055</marc:subfield>
      <marc:subfield code="9">9783570153055</marc:subfield>
   </marc:datafield>
   <marc:datafield ind1=" " ind2=" " tag="300">
      <marc:subfield code="a">[16] S. : überw. Ill</marc:subfield>
   </marc:datafield>
</marc:record>
